MARC details
| 000 -CABECERA |
| campo de control de longitud fija |
01628nam a2200277 a 4500 |
| 005 - FECHA Y HORA DE LA ÚLTIMA TRANSACCIÓN |
| campo de control |
20241203063740.0 |
| 008 - ELEMENTOS DE LONGITUD FIJA--INFORMACIÓN GENERAL |
| campo de control de longitud fija |
031016s1995 es r 000 0 spa d |
| 020 ## - NÚMERO INTERNACIONAL NORMALIZADO PARA LIBROS |
| Número Internacional Estándar del Libro |
8447803694 |
| 035 ## - NÚMERO DE CONTROL DEL SISTEMA |
| Número de control de sistema |
UPN01000130239 |
| 049 ## - COLECCIÓN |
| Colección |
I |
| 050 #4 - SIGNATURA TOPOGRÁFICA DE LA BIBLIOTECA DEL CONGRESO |
| Número de clasificación |
AE61 |
| Número de documento/Ítem |
W7.2 |
| 100 1# - ASIENTO PRINCIPAL--NOMBRE PERSONAL |
| Nombre de persona |
Wright, Rachel, |
| Fechas asociadas al nombre |
1961- |
| 9 (RLIN) |
33501 |
| 245 10 - MENCIÓN DE TÍTULO |
| Título |
Descubrimientos fantásticos / |
| Mención de responsabilidad, etc. |
Rachel Wright ; il. Hanna-Barbera ; tr. Esther Roig. |
| 260 ## - PUBLICACIÓN, DISTRIBUCIÓN, ETC. |
| Lugar de publicación, distribución, etc. |
Barcelona, Esp. : |
| Nombre del editor, distribuidor, etc. |
Grijalbo Mondadori, |
| Fecha de publicación, distribución, etc. |
1995. |
| 300 ## - DESCRIPCIÓN FÍSICA |
| Extensión |
4 v. : |
| Otras características físicas |
il. col. |
| 500 ## - NOTA GENERAL |
| Nota general |
Falta el tomo 4 |
| 505 8# - NOTA DE CONTENIDO CON FORMATO PREESTABLECIDO |
| Nota de contenido con formato |
Contenido: |
| Información miscelánea |
v.1. |
| Título |
El oso Yogui : la gran aventura -- Tom y Jerry : la aventura de la familia animal -- El gorila Maguilla de safari por Africa -- El oso Yogui conoce a los animales en peligro de extinción -- |
| Información miscelánea |
v.2. |
| Título |
La fascinante aventura de los dinosaurios : los Picapiedra : la fascinante aventura de los dinosaurios -- Los Supersónicos exploran el espacio -- Droopy explora el mundo del tiempo -- La hormiga atómica viaja por el cuerpo humano -- |
| Información miscelánea |
v.3. |
| Título |
Pierre Nodoyuna y Patán : viaje alrededor del mundo -- Scooby-Doo visita las maravillas del mundo -- Pierre Nodoyuna y Patán recorren los desiertos -- Squiddly Diddly bajo el mar |
| 650 #4 - ASIENTO SECUNDARIO DE MATERIA - TERMINO TEMATICO |
| Término de materia o nombre geográfico como elemento de entrada |
VIAJES ALREDEDOR DEL MUNDO - |
| Subdivisión de forma |
LITERATURA INFANTIL |
| 9 (RLIN) |
10274 |
| 650 #4 - ASIENTO SECUNDARIO DE MATERIA - TERMINO TEMATICO |
| Término de materia o nombre geográfico como elemento de entrada |
Dinosaurios |
| Subdivisión de forma |
Literatura infantil |
| 9 (RLIN) |
9370 |
| 650 #0 - ASIENTO SECUNDARIO DE MATERIA - TERMINO TEMATICO |
| Término de materia o nombre geográfico como elemento de entrada |
Ecología de la selva |
| Subdivisión de forma |
Literatura juvenil |
| 9 (RLIN) |
314 |
| 650 #7 - ASIENTO SECUNDARIO DE MATERIA - TERMINO TEMATICO |
| Término de materia o nombre geográfico como elemento de entrada |
Animales |
| Subdivisión de forma |
Literatura infantil |
| Fuente del encabezamiento o término |
|
| 9 (RLIN) |
1061 |
| 650 #4 - ASIENTO SECUNDARIO DE MATERIA - TERMINO TEMATICO |
| Término de materia o nombre geográfico como elemento de entrada |
Cuerpo humano |
| Subdivisión de forma |
Literatura infantil |
| 9 (RLIN) |
12325 |
| 700 1# - ASIENTO SECUNDARIO--NOMBRE DE PERSONAL |
| Nombre de persona |
Barbera, Joseph Roland, |
| Fechas asociadas al nombre |
1911-2006 |
| Término indicativo de función/relación |
il. |
| 9 (RLIN) |
35149 |
| 700 1# - ASIENTO SECUNDARIO--NOMBRE DE PERSONAL |
| Nombre de persona |
Hanna, William Denby, |
| Fechas asociadas al nombre |
1910-2001 |
| Término indicativo de función/relación |
il. |
| 9 (RLIN) |
35150 |
| 905 ## - TIPO DE MATERIAL |
| Tipo de material |
Infantil |